000 00367nam a2200145Ia 4500
008 230711s9999||||xx |||||||||||||| ||und||
041 _aENG
082 _a720
_bIN-A
100 _aJose Pereira
245 0 _aElements of Indian Architecture
250 _a1st . Ed.
260 _c1987
_aNew Delhi
_bMotilal Banarsidass Publishers
650 _aArchitecture
942 _cBK
999 _c2243
_d2243